000 00626nam a2200241Ia 4500
005 20260430150509.0
008 008 250103s9999 xx 000 0 eng d
037 _aTheses
040 _aCRL
040 _beng
040 _ceng
041 _2eng
041 _aeng
084 _qCRL
100 _aSingh Amit Au.; Mahima Kaushik Gu.
_91237678
245 0 _aSynthesis of Nano-Formulations for Gene and Drug Delivery Applications
260 _c2023
300 _a198p.
650 _aChemistry
700 _aUniversity of Delhi. Faculty of Science. Deptt.of Chemistry
942 _cTH
999 _c1849920
_d1849920